[Event "Ramadan Masters Online"]
[Site "Chess.com INT"]
[Date "2020.05.08"]
[Round "2"]
[White "Landa, Konstantin"]
[Black "Sidharth, P Suresh"]
[Result "1-0"]
[WhiteElo "2628"]
[BlackElo "1471"]
[PlyCount "57"]
[EventDate "2020.05.08"]
[EventType "swiss (blitz)"]
[EventRounds "12"]
[EventCountry "USA"]
[SourceTitle "CBM 196 Extra"]
[Source "ChessBase"]
[SourceDate "2020.07.31"]
[SourceVersion "1"]
[SourceVersionDate "2020.07.31"]
[SourceQuality "1"]

1. Nf3 d5 2. g3 Bf5 3. Bg2 Nf6 4. 0-0 e6 5. d3 Be7 6. Nh4 Bg4 7. h3 Bh5 8. g4 Bg6 9. Nd2 Nbd7 10. Nxg6 hxg6 11. e4 dxe4 12. Nxe4 c6 13. Qe2 Qc7 14. a4 0-0 15. f4 Nd5 16. Kh1 N7f6 17. Bd2 Nxe4 18. dxe4 Nb4 19. Bc3 Na6 20. f5 exf5 21. gxf5 gxf5 22. Rxf5 g6 23. Qg4 Qd6 24. Raf1 Nc5 25. Rh5 f5 26. exf5 g5 27. Rh8+ Kf7 28. Qh5+ Qg6 29. Qxg6# 1-0